Путешествия в прошлое и будущее: Научно-фантастические произведения; Загадочная находка; Видение в Гоби; Происшествие в Нескучном саду; Полет по планетам; Коралловый остров; Тепловая шахта; Путешествие в прошлое и будущее; Завоевание тундры; Солнце гаснет; Сказание об Атлантиде
| Hlavní autor: | |
|---|---|
| Korporativní autor: | |
| Další autoři: | |
| Jazyk: | ruština |
| Vydáno: |
Москва, Наука, 1965
|
| Vydání: | Изд. 2-е, доп. |
| TOC: | Загадочная находка; Видение в Гоби; Происшествие в Нескучном саду; Полет по планетам; Коралловый остров; Тепловая шахта; Путешествие в прошлое и будущее; Завоевание тундры; Солнце гаснет; Сказание об Атлантиде; |
| Témata: | |
| Médium: | MixedMaterials Kniha |
| KOHA link: | https://koha.lib.tpu.ru/cgi-bin/koha/opac-detail.pl?biblionumber=238077 |
MARC
| LEADER | 00000nam0a2200000 4500 | ||
|---|---|---|---|
| 001 | 238077 | ||
| 005 | 20240826161824.0 | ||
| 035 | |a (RuTPU)RU\TPU\book\259259 | ||
| 090 | |a 238077 | ||
| 100 | |a 20130521d1965 m y0rusy50 ca | ||
| 101 | 0 | |a rus | |
| 102 | |a RU | ||
| 105 | |a ac z 000ay | ||
| 200 | 1 | |a Путешествия в прошлое и будущее |e Научно-фантастические произведения |f В. А. Обручев |g Академия наук СССР (АН СССР) ; отв. ред. член-корр. АН СССР С. В. Обручев | |
| 205 | |a Изд. 2-е, доп. | ||
| 210 | |a Москва |c Наука |d 1965 | ||
| 215 | |a 241 с. |c портр. | ||
| 464 | |t Загадочная находка | ||
| 464 | |t Видение в Гоби | ||
| 464 | |t Происшествие в Нескучном саду | ||
| 464 | |t Полет по планетам | ||
| 464 | |t Коралловый остров |o повесть | ||
| 464 | |t Тепловая шахта |o повесть | ||
| 464 | |t Путешествие в прошлое и будущее |o отрывок из повести | ||
| 464 | |t Завоевание тундры |o отрывок из повести | ||
| 464 | |t Солнце гаснет |o план повести | ||
| 464 | |t Сказание об Атлантиде |o отрывок из повести | ||
| 606 | 1 | |a Русская литература современная |2 stltpush |3 (RuTPU)RU\TPU\subj\26373 |9 50316 | |
| 610 | 1 | |a художественная литература | |
| 610 | 1 | |a фантастические повести | |
| 610 | 1 | |a рассказы | |
| 610 | 1 | |a коллекция В. А. Обручева | |
| 675 | |a Р2 |v 3 | ||
| 700 | 1 | |a Обручев |b В. А. |c российский геолог |c профессор Томского технологического института |c исследователь Сибири, Центральной и Средней Азии |c географ |f 1863-1956 |g Владимир Афанасьевич |2 stltpush |3 (RuTPU)RU\TPU\pers\996 | |
| 702 | 1 | |a Обручев |b С. В. |c российский геолог и географ |f 1891-1965 |g Сергей Владимирович |7 ca |8 rus |2 stltpush |3 (RuTPU)RU\TPU\pers\11489 |4 340 |9 2683 | |
| 712 | 0 | 2 | |a Академия наук СССР (АН СССР) |2 stltpush |3 (RuTPU)RU\TPU\col\722 |
| 801 | 1 | |a RU |b 63413507 |c 20130521 | |
| 801 | 2 | |a RU |b 63413507 |c 20181219 |g RCR | |
| 942 | |c BK | ||